|
|
|
|
| LEADER |
01449nam a2200337 a 4500 |
| 001 |
16039080 |
| 008 |
130226s2010 enka b 001 0 eng d |
| 010 |
|
|
|a 2009054233
|
| 020 |
|
|
|a 9781405183154 (hardcover : alk. paper)
|
| 020 |
|
|
|a 1405183152 (hardcover : alk. paper)
|
| 020 |
|
|
|a 9781405183147 (pbk. : alk. paper)
|
| 020 |
|
|
|a 1405183144 (pbk. : alk. paper)
|
| 040 |
|
|
|a DLC
|c DLC
|d YDX
|d UKM
|d YDXCP
|d BWX
|d BTCTA
|d NLM
|d DLC
|d BD-DhAAL
|
| 082 |
0 |
0 |
|a 306.4/61
|2 22
|
| 245 |
0 |
2 |
|a A reader in medical anthropology :
|b theoretical trajectories, emergent realities /
|c edited by Byron J. Good ... [et al.].
|
| 260 |
|
|
|a Chichester, West Sussex, UK ;
|a Malden, Mass. :
|b Wiley-Blackwell,
|c 2010.
|
| 300 |
|
|
|a xiv, 559 p. :
|b ill. ;
|c 26 cm.
|
| 490 |
1 |
|
|a Blackwell anthologies in social and cultural anthropology ;
|v 14
|
| 504 |
|
|
|a Includes bibliographical references and index.
|
| 541 |
1 |
|
|e 00026669
|
| 650 |
|
0 |
|a Medical anthropology.
|
| 650 |
|
0 |
|a Traditional medicine.
|
| 650 |
1 |
2 |
|a Anthropology, Cultural
|x methods.
|
| 650 |
1 |
2 |
|a Sociology, Medical
|x methods.
|
| 650 |
2 |
2 |
|a Philosophy, Medical.
|
| 650 |
2 |
2 |
|a Technology, Medical
|x trends.
|
| 650 |
2 |
2 |
|a World Health.
|
| 700 |
1 |
|
|a Good, Byron.
|
| 852 |
1 |
|
|a Ayesha Abed Library
|j General Shelf.
|
| 999 |
|
|
|c 13213
|d 13213
|
| 952 |
|
|
|0 0
|1 0
|2 ddc
|4 0
|6 306_461000000000000_REA
|7 0
|9 21993
|a JPGSPH
|b JPGSPH
|d 2013-02-27
|e Karim International
|g 4875.00
|l 0
|o 306.461 REA
|p 3060026669
|r 2013-02-27
|t 1
|w 2013-02-27
|y BK
|